| 000 | 00679nam a2200145Ia 4500 | ||
|---|---|---|---|
| 008 | 150610s9999 xx 000 0 und d | ||
| 020 | _a9712715329 | ||
| 050 |
_aPE1478 _b.M35 2005 |
||
| 100 | _aManlapaz, Edna Zapanta, 1943- | ||
| 245 | 4 |
_aThe new Anvil guide to research paper writing / _cEdna Zapanta Manlapaz, Ma. Eloisa Francisco ; updated by Marianne Rachel G. Perfecto, Michelle G. Paterno, Rosalia A. Pison.. |
|
| 260 |
_aPasig City : _bAnvil, _c2005. |
||
| 300 |
_a190pages : _billustrations ; _c23 cm. |
||
| 504 | _aPreviously published as: The college research paper : a step-by-step guide to term paper writing for Filipino students. | ||
| 520 | _aReport writing. | ||
| 999 |
_c288185 _d288185 |
||